| 000 | 00408cam a2200181ua 4500 | ||
|---|---|---|---|
| 001 | 4046 | ||
| 008 | 111213n ii |||gr||||Z||||||asm | ||
| 040 | _cMAIN | ||
| 082 | _a891.4511 | ||
| 100 | 1 | _aDevi, Nistarini, | |
| 245 | 1 | 1 |
_aAnjali _cby Nistarini Devi |
| 250 | _a1st. | ||
| 260 |
_aJorhat: _bTapan bordoloi,994. |
||
| 300 |
_a52p: _c23cm. |
||
| 653 | _aAssamese poem | ||
| 653 | _aAnjali | ||
| 942 | _cBK | ||
| 999 |
_c3868 _d3868 |
||